[Event "International Championship of Central Serbia 2015 - OPEN A"]
[Site "Paracin, hotel Petrus"]
[Date "2015.07.04"]
[Round "3.47"]
[White "Perovic, Zivojin"]
[Black "Sorgic, Dragan"]
[Result "0-1"]
[WhiteElo "2042"]
[BlackElo "2234"]
[PlyCount "118"]
[EventDate "2015.07.03"]

1. e4 d6 2. d4 Nf6 3. Nc3 g6 4. Nf3 Bg7 5. h3 O-O 6. Be3 c6 7. a4 a5 8. Be2
Nbd7 9. O-O e5 10. dxe5 dxe5 11. Bc4 Qe7 12. Qb1 Nc5 13. Nd2 Nh5 14. Qa2 Ne6
15. Nf3 Qf6 16. Kh2 Nhf4 17. Ng1 Nd4 18. Bxd4 exd4 19. Nce2 Qe5 20. Ng3 h5 21.
Nf3 Qe7 22. Rfe1 Be5 23. Kg1 Qf6 24. Nxe5 Qxe5 25. Bf1 Be6 26. Qa3 c5 27. Qf3
h4 28. Ne2 Nh5 29. b3 Rad8 30. Rad1 b6 31. Nc1 Rfe8 32. Bb5 Re7 33. Nd3 Qg5 34.
Kh1 Kg7 35. Bc4 Bc8 36. Bd5 Nf6 37. Bc6 Nh5 38. Bd5 Ba6 39. Qg4 Qxg4 40. hxg4
Bxd3 41. cxd3 Nf6 42. g5 Nxd5 43. exd5 Rxe1+ 44. Rxe1 Rxd5 45. f4 Rf5 46. Re4
f6 47. gxf6+ Kxf6 48. Kh2 g5 49. fxg5+ Kxg5 50. Re8 Rf2 51. Re6 Rd2 52. Rxb6
Rxd3 53. Rb5 Rc3 54. Rxa5 d3 55. Ra8 Kf4 56. Rd8 Rxb3 57. a5 Ke3 58. Re8+ Kd4
59. Rd8+ Kc3 0-1

[Event "International Championship of Central Serbia 2015 - OPEN A"]
[Site "Paracin, hotel Petrus"]
[Date "2015.07.04"]
[Round "3.48"]
[White "Livaja, Mario"]
[Black "Stojkovska, Monika"]
[Result "1-0"]
[WhiteElo "2216"]
[BlackElo "2061"]
[PlyCount "83"]
[EventDate "2015.07.03"]

1. d4 e6 2. Nf3 c5 3. e3 d5 4. Bd3 Nf6 5. O-O Nc6 6. b3 Bd6 7. Bb2 O-O 8. Nbd2
Re8 9. Ne5 cxd4 10. exd4 Qc7 11. Ndf3 h6 12. a3 Nd7 13. Qe2 Ncxe5 14. dxe5 Be7
15. c4 dxc4 16. Bxc4 b6 17. Rac1 Qb8 18. Rfd1 a6 19. Bd3 Nf8 20. Nd4 Bb7 21.
Nc6 Bxc6 22. Rxc6 Rd8 23. Rdc1 Bg5 24. R1c2 Ra7 25. g3 b5 26. h4 Be7 27. Be4
Rdd7 28. Rc8 Qb6 29. R2c6 Qa5 30. b4 Bxb4 31. axb4 Qxb4 32. Bc3 Qa3 33. Qc2 a5
34. Bb2 Qb4 35. Rd6 g6 36. Bc1 Kg7 37. Be3 Rxd6 38. exd6 Rd7 39. Rxf8 Kxf8 40.
Qc8+ Kg7 41. Qxd7 Qxe4 42. Qxb5 1-0

[Event "International Championship of Central Serbia 2015 - OPEN A"]
[Site "Paracin, hotel Petrus"]
[Date "2015.07.04"]
[Round "3.49"]
[White "Jovanovic, Sasa T"]
[Black "Radeva, Viktoria"]
[Result "0-1"]
[WhiteElo "2211"]
[BlackElo "2042"]
[PlyCount "72"]
[EventDate "2015.07.03"]

1. d4 Nf6 2. c4 g6 3. Nc3 Bg7 4. e4 d6 5. Nf3 O-O 6. Be2 e5 7. O-O Nc6 8. d5
Ne7 9. Bd2 Nd7 10. b4 f5 11. Ng5 Nf6 12. Rc1 h6 13. Ne6 Bxe6 14. dxe6 fxe4 15.
Qc2 c6 16. Nxe4 Nxe4 17. Qxe4 d5 18. cxd5 cxd5 19. Qg4 Qd6 20. Bb5 Rf6 21. Bd7
Nf5 22. Rfe1 Kh7 23. b5 Nd4 24. Bc3 Rf4 25. Qh3 e4 26. Bd2 Rf5 27. Qg4 Be5 28.
h3 Nxe6 29. Bc8 h5 30. Qd1 Rf8 31. Bxe6 Qxe6 32. Qb3 Qf5 33. Rf1 Rf7 34. Qe3 d4
35. Qb3 Raf8 36. Qa4 e3 0-1

[Event "International Championship of Central Serbia 2015 - OPEN A"]
[Site "Paracin, hotel Petrus"]
[Date "2015.07.04"]
[Round "3.50"]
[White "Akman, Ozgur"]
[Black "Tosic, Srecko"]
[Result "1-0"]
[WhiteElo "1964"]
[BlackElo "2377"]
[PlyCount "85"]
[EventDate "2015.07.03"]

1. e4 e6 2. d4 d5 3. Nd2 Nf6 4. e5 Nfd7 5. Bd3 b6 6. Ne2 Ba6 7. Bxa6 Nxa6 8. c3
c5 9. a3 Nc7 10. O-O g6 11. f4 c4 12. Nf3 b5 13. Bd2 Nb6 14. g4 f5 15. exf6
Qxf6 16. f5 gxf5 17. Bg5 Qg7 18. Qd2 Bd6 19. Kh1 fxg4 20. Ne5 Bxe5 21. dxe5 Qg6
22. Ng3 Kd7 23. Rf6 Qd3 24. Rf7+ Kc6 25. Qf2 Qg6 26. Be7 Nd7 27. Bd6 Na6 28.
Rf1 Rhd8 29. Ne2 Ndc5 30. Nd4+ Kb6 31. Bxc5+ Nxc5 32. Nxe6 Qe4+ 33. Kg1 d4 34.
Nxd8 Nd3 35. Qf6+ Ka5 36. Nc6+ Ka4 37. Qd6 Qe3+ 38. R7f2 g3 39. hxg3 Rg8 40.
Kh1 Qxg3 41. b3+ Kxb3 42. Nxd4+ Kxc3 43. Ne2+ 1-0

[Event "International Championship of Central Serbia 2015 - OPEN A"]
[Site "Paracin, hotel Petrus"]
[Date "2015.07.04"]
[Round "3.51"]
[White "Milenkovic, Mladen"]
[Black "Scripcaru, George-Daniel"]
[Result "0-1"]
[WhiteElo "2344"]
[BlackElo "2115"]
[Annotator "Natasa"]
[PlyCount "69"]
[EventDate "2015.07.03"]

1. e4 g6 2. d4 Bg7 3. Nc3 c5 4. Nf3 Qa5 5. d5 Bxc3+ 6. bxc3 Nf6 7. Nd2 Qxc3 8.
Rb1 Nxe4 9. Rb3 Qd4 10. Nxe4 Qxe4+ 11. Re3 Qd4 12. Qf3 d6 13. Bb5+ Bd7 14. Be2
Bf5 15. c3 Qg7 16. g4 Bc8 17. Qg3 Nd7 18. O-O Kd8 19. Re1 Re8 20. Bd1 g5 21.
Ba4 Rb8 22. c4 b6 23. Re4 h6 24. Bc6 Bb7 25. Qa3 a5 26. Bxd7 Kxd7 27. Qa4+ Kd8
28. Qb5 Bc8 29. Bb2 f6 30. Bc3 Bd7 31. Qa6 Bc8 32. Qa7 Rb7 33. Qa8 Qf7 34. Qa6
f5 35. Re6 {unreadable} 0-1

[Event "International Championship of Central Serbia 2015 - OPEN A"]
[Site "Paracin, hotel Petrus"]
[Date "2015.07.04"]
[Round "3.52"]
[White "Djordjevic, Gradimir"]
[Black "Breivik, Lars"]
[Result "0-1"]
[WhiteElo "2111"]
[BlackElo "2247"]
[PlyCount "74"]
[EventDate "2015.07.03"]

1. c4 b6 2. Nc3 e6 3. d4 Bb7 4. e4 Bb4 5. Bd3 f5 6. f3 Nc6 7. Nge2 Qf6 8. e5
Qh4+ 9. g3 Qh5 10. Nf4 Qf7 11. Be3 g5 12. Ng2 Qg7 13. Qd2 h6 14. O-O-O O-O-O
15. a3 Be7 16. f4 d6 17. Qf2 dxe5 18. dxe5 Nd4 19. Bxd4 Rxd4 20. Nb5 Rd8 21.
Rhe1 a6 22. Nc3 Bc5 23. Qc2 Ne7 24. Bf1 Nc6 25. b4 Nd4 26. Qb2 Be7 27. Ne3 gxf4
28. Rxd4 fxe3 29. Ne2 Be4 30. Nf4 Bg5 31. Be2 Bxf4 32. gxf4 Qg2 33. c5 b5 34.
a4 Rxd4 35. Qxd4 Qf2 36. Qc3 Rd8 37. Bf1 Qd2+ 0-1

[Event "International Championship of Central Serbia 2015 - OPEN A"]
[Site "Paracin, hotel Petrus"]
[Date "2015.07.04"]
[Round "3.53"]
[White "Tisma, Ivan"]
[Black "Sahin, Ozgun"]
[Result "0-1"]
[WhiteElo "2206"]
[BlackElo "2106"]
[PlyCount "98"]
[EventDate "2015.07.03"]

1. Nf3 Nf6 2. c4 g6 3. g3 Bg7 4. Bg2 O-O 5. O-O d6 6. d4 Nbd7 7. Nc3 e5 8. e4
exd4 9. Nxd4 Ne5 10. b3 Bd7 11. h3 Qc8 12. Kh2 Nc6 13. Be3 Re8 14. Rc1 a6 15.
Re1 Re5 16. f4 Rh5 17. f5 Nxd4 18. Bxd4 Ng4+ 19. Kg1 Bxd4+ 20. Qxd4 Ne5 21. Nd5
Qd8 22. Rc3 gxf5 23. exf5 Rxf5 24. g4 Rg5 25. Qf4 Rg7 26. Nf6+ Kh8 27. Rxe5
dxe5 28. Qxe5 Bc6 29. Bd5 Rg6 30. Rf3 Bxd5 31. cxd5 Kg7 32. g5 Kh8 33. Ng4+ Rg7
34. h4 Qd6 35. Qc3 Qxd5 36. Nh6 Qc6 37. Qxc6 bxc6 38. Rf6 Rf8 39. Ng4 Rg6 40.
Rf4 Rd6 41. Rf2 Rd4 42. Nh6 Rxh4 43. Kg2 Rh5 44. Kg3 Rxg5+ 45. Kh4 Rg6 46. Nf5
Re8 47. Kh3 Re5 48. Nh4 Rh5 49. Rf4 Rgh6 0-1

[Event "International Championship of Central Serbia 2015 - OPEN A"]
[Site "Paracin, hotel Petrus"]
[Date "2015.07.04"]
[Round "3.54"]
[White "Henriksen, Geir"]
[Black "Vassilev, Martin"]
[Result "1/2-1/2"]
[WhiteElo "2192"]
[BlackElo "2030"]
[Annotator "Natasa"]
[PlyCount "68"]
[EventDate "2015.07.03"]

1. c4 e5 2. g3 Nf6 3. Bg2 g6 4. Nc3 Nc6 5. e4 Bg7 6. Nge2 O-O 7. O-O d6 8. d3
Bd7 9. Bd2 Qc8 10. Rc1 Bh3 11. f3 Be6 12. Nd5 Bxd5 13. cxd5 Ne7 14. Be3 Qd7 15.
d4 exd4 16. Nxd4 c6 17. dxc6 bxc6 18. Rf2 c5 19. Nb3 Rfd8 20. Rd2 Qc7 21. Kh1
Ne8 22. Qe2 a5 23. Nd4 Qb6 24. Nb5 Nc7 25. Nxc7 Qxc7 26. f4 Rac8 27. b3 Qb6 28.
Rcd1 Qc7 29. e5 dxe5 30. Rxd8+ Rxd8 31. Rxd8+ Qxd8 32. Bxc5 Qc7 33. Bh3 Nf5 34.
fxe5 Bxe5 {unreadable} 1/2-1/2

[Event "International Championship of Central Serbia 2015 - OPEN A"]
[Site "Paracin, hotel Petrus"]
[Date "2015.07.04"]
[Round "3.55"]
[White "Djokic, Slavoljub"]
[Black "Naik, Rishubh Naresh"]
[Result "0-1"]
[WhiteElo "2141"]
[BlackElo "2007"]
[PlyCount "62"]
[EventDate "2015.07.03"]

1. c4 Nf6 2. Nf3 b6 3. g3 Bb7 4. Bg2 e6 5. Nc3 d5 6. d4 Bd6 7. O-O a6 8. Ne5
O-O 9. Bg5 c6 10. f4 h6 11. Bxf6 gxf6 12. Ng4 f5 13. Ne3 Nd7 14. cxd5 cxd5 15.
Ncxd5 exd5 16. Nxf5 Qf6 17. Ne3 Qe6 18. Qb3 Nc5 19. dxc5 Bxc5 20. Rf3 Rae8 21.
Kf2 d4 22. Qxe6 Rxe6 23. Nc4 d3+ 24. e3 Bxf3 25. Bxf3 Rd8 26. b4 Bxb4 27. e4
Rc6 28. Ne5 Rc2+ 29. Kg1 Bc3 30. Rd1 Bxe5 31. fxe5 Rxa2 0-1

[Event "International Championship of Central Serbia 2015 - OPEN A"]
[Site "Paracin, hotel Petrus"]
[Date "2015.07.04"]
[Round "3.56"]
[White "Lazov, Toni"]
[Black "Kucuksari, Kaan"]
[Result "0-1"]
[WhiteElo "2141"]
[BlackElo "1981"]
[PlyCount "56"]
[EventDate "2015.07.03"]

1. e4 c6 2. d4 d5 3. e5 c5 4. dxc5 Nc6 5. Nf3 Bg4 6. Bb5 e6 7. b4 Nge7 8. Bb2
Ng6 9. Qd4 Bxf3 10. gxf3 Nh4 11. Nd2 Be7 12. Bxc6+ bxc6 13. O-O-O Bg5 14. Qd3
Rb8 15. a3 O-O 16. Rhg1 a5 17. f4 Bxf4 18. Rg4 Ng6 19. Rdg1 axb4 20. a4 Qa5 21.
h4 h5 22. Rxf4 Nxf4 23. Qf3 Ng6 24. Qxh5 Qxc5 25. Qg4 b3 26. c4 Qxf2 27. h5 Rb4
28. Kb1 Qxd2 0-1

[Event "International Championship of Central Serbia 2015 - OPEN A"]
[Site "Paracin, hotel Petrus"]
[Date "2015.07.04"]
[Round "3.57"]
[White "Vasova, Maria"]
[Black "Zlatanovic, Zoran"]
[Result "0-1"]
[WhiteElo "2022"]
[BlackElo "2123"]
[Annotator "Natasa"]
[PlyCount "95"]
[EventDate "2015.07.03"]

1. e4 c5 2. Nf3 Nc6 3. d4 cxd4 4. Nxd4 Qb6 5. Nb3 Nf6 6. Nc3 e6 7. Qe2 d6 8.
Be3 Qc7 9. g3 a6 10. Bg2 Be7 11. f4 O-O 12. O-O-O Nd7 13. h4 b5 14. h5 b4 15.
Na4 Qb7 16. e5 d5 17. Nac5 Nxc5 18. Bxc5 a5 19. f5 Bxc5 20. Nxc5 Qe7 21. Qe3 d4
22. Qe4 Qxc5 23. Qxc6 Qxc6 24. Bxc6 Ra6 25. Bg2 exf5 26. Rxd4 Re6 27. Re1 Rfe8
28. Bh3 Rh6 29. Bg2 Kf8 30. Kd2 Rhe6 31. c3 bxc3+ 32. Kxc3 f6 33. Red1 Rxe5 34.
b4 Be6 35. Bc6 axb4+ 36. Kxb4 Rb8+ 37. Ka3 Rc5 38. Rd8+ Rxd8 39. Rxd8+ Ke7 40.
Re8+ Kd6 41. Ba4 Rc3+ 42. Bb3 Bxb3 43. axb3 Rxg3 44. Rg8 h6 45. Ka4 f4 46. b4
Rf3 47. Rd8+ Ke5 48. Rd1 {unreadable} 0-1